Configuración de la sociedad futura
Zapisane w:
| Główni autorzy: | , , , , , |
|---|---|
| Kolejni autorzy: | |
| Format: | Książka |
| Język: | hiszpański |
| Wydane: |
Bilbao
Mensajero
1977
|
| Seria: | Biblioteca fomento social
|
| Hasła przedmiotowe: | |
| Etykiety: |
Dodaj etykietę
Nie ma etykietki, Dołącz pierwszą etykiete!
|
MARC
| LEADER | 00000nam a2200000 a 4500 | ||
|---|---|---|---|
| 001 | UCY9453 | ||
| 003 | CL-VaPUC | ||
| 008 | 950717e19770000SP |||||||||||||||||spa|d | ||
| 082 | 0 | 4 | |a 303.49 |b DOU |2 21 |
| 100 | 0 | |a Dou, Alberto |e author |9 341614 | |
| 700 | 0 | |a Baselga, Eduardo |e author |9 341615 | |
| 700 | 0 | |a Ferrer Pi, Pedro |e author |9 341616 | |
| 700 | |a González Faus, José Ignacio |e autor |9 598279 | ||
| 700 | |a Hortal Alonso, Augusto |e author |9 532250 | ||
| 700 | 0 | |a Lasso, Pablo |e author |9 341619 | |
| 700 | 0 | |a Recio Adrados, Juan Luis |e author |9 341620 | |
| 245 | 1 | 0 | |a Configuración de la sociedad futura |
| 300 | |a 287 p | ||
| 942 | |c BK | ||
| 945 | |d 19950717 00:00:00 |a mfernand | ||
| 260 | |a Bilbao |b Mensajero |c 1977 | ||
| 650 | 0 | |a Cambio social |9 256857 | |
| 650 | 7 | |a SOCIEDAD FUTURA |2 CL-VaPUC |9 334565 | |
| 650 | 7 | |a SOCIEDAD CAMBIANTE |2 CL-VaPUC |9 334579 | |
| 650 | 7 | |a FUTURO |2 CL-VaPUC |9 327615 | |
| 650 | 7 | |a FUTUROLOGIA |2 CL-VaPUC |9 328866 | |
| 650 | 0 | |a Cristianismo |9 257361 | |
| 650 | 0 | |a Ciencia y tecnología |9 260585 | |
| 650 | 0 | |a Sociología del cambio |9 337801 | |
| 583 | |a last modification |c 19950717 00:00:00 |k Rodrigo Vera | ||
| 490 | 0 | |a Biblioteca fomento social | |
| 999 | |c 236544 |d 236542 | ||
| 952 | |0 0 |1 0 |4 0 |6 303_490000000000000_DOU_1977 |7 0 |8 P |9 244698 |a BIBEDU |b BIBEDU |c BIBEDU_PB |d 2019-11-18 |i 1538314 |o 303.49 DOU 1977 |p 1538314 |r 2024-01-25 |w 2019-11-18 |y BK |k EDU | ||